00673cam a22001934a 450000500170000000800410001702000240005802000240008204100080010608200150011410000210012924501080015026000520025830000220031049000590033250400510039165000220044265000150046420260428165522.0100804s2010 enk b 001 0 eng  a9780521760485qhbk. a9780521760485qhbk. aeng04a341.67 cul1 aCullen, Anthony,14aThe concept of non-international armed conflict in international humanitarian law /cby Anthony Cullen. aCambridge :bCambridge University Press,c2010. a 219 p. ;c24 cm.1 aCambridge studies in international and comparative law aIncludes bibliographical references and index. 0aHumanitarian law. 0aCivil war.